|
|
|
|
| LEADER |
00822nam a22002171 4500 |
| 001 |
c000196697 |
| 003 |
CARM |
| 005 |
20021125001700.0 |
| 008 |
851003s1948 nyu 00000 eng d |
| 019 |
1 |
|
|a 3978931
|5 LACONCORD2021
|
| 035 |
|
|
|a (OCoLC)217047409
|5 LACONCORD2021
|
| 110 |
2 |
0 |
|a Committee for Economic Development (U.S.)
|
| 245 |
1 |
0 |
|a Monetary and fiscal policy for greater economic stability.
|
| 260 |
|
|
|a N.Y. :
|b Committee for Economic Development,
|c 1948.
|
| 300 |
|
|
|a 64pp.
|
| 650 |
|
0 |
|a Finance
|z United States.
|
| 651 |
|
0 |
|a United States
|x Economic policy.
|
| 852 |
8 |
|
|b CARM
|h A2:AG01H0
|i F00984
|p 0300764
|f BK
|
| 082 |
0 |
4 |
|a 332
|
| 999 |
f |
f |
|i e3166fb2-3557-5fb3-8053-01829373ab1a
|s 62428536-91c5-51f9-9aea-423ca74ccb56
|
| 952 |
f |
f |
|p Can circulate
|a CAVAL
|b CAVAL
|c CAVAL
|d CARM 1 Store
|e F00984
|f A2:AG01H0
|h Other scheme
|i book
|m 0300764
|